000 00386nam a2200145Ia 4500
008 220216s9999 xx 000 0 und d
100 _aJayasinghe C K
245 0 _aDiseases of Hevea rubber: New smart clones can fight most diseases
260 _bRubber Asia
_c2012
300 _a61-63
500 _aSource Year: 2012
650 _aHistory
650 _aRubber disease
942 _cJS
999 _c57254
_d57254